| 000 -LEADER |
| fixed length control field |
01444nam a2200241Ia 4500 |
| 003 - CONTROL NUMBER IDENTIFIER |
| control field |
OSt |
| 005 - DATE AND TIME OF LATEST TRANSACTION |
| control field |
20260128093115.0 |
| 007 - PHYSICAL DESCRIPTION FIXED FIELD--GENERAL INFORMATION |
| fixed length control field |
ca aa aaaaa |
| 008 - FIXED-LENGTH DATA ELEMENTS--GENERAL INFORMATION |
| fixed length control field |
201103s9999 xx 000 0 und d |
| 040 ## - CATALOGING SOURCE |
| Transcribing agency |
SSBUL |
| 041 ## - LANGUAGE CODE |
| Language code of text/sound track or separate title |
bur |
| 082 ## - DEWEY DECIMAL CLASSIFICATION NUMBER |
| Edition number |
23 |
| Classification number |
၂၉၄.၃၄၃၅၀၉ မြတ် |
| Item number |
၁၃၇၃၅ S-KZN |
| 100 0# - MAIN ENTRY--PERSONAL NAME |
| Personal name |
မြတ်သွင်၊ ဦး၊ ဆရာ |
| 9 (RLIN) |
17330 |
| 245 10 - TITLE STATEMENT |
| Title |
ပုဂံမြို့ရှိ ထင်ရှားကြီးကျယ်သောဘုရားကြီး(၂၇)ဆူ၏သမိုင်းနှင့် ဘုရားဖူးလမ်းညွှန်စာတမ်း / |
| Statement of responsibility, etc. |
ဆရာဦးမြတ်သွင်၊ တည်းဖြတ်သူ မွန်ပဏ္ဍိတ်ဦးချစ်သိန်း။ |
| 260 ## - PUBLICATION, DISTRIBUTION, ETC. |
| Place of publication, distribution, etc. |
မန္တလေး ၊ |
| Name of publisher, distributor, etc. |
မောင်ထွန်းဘေစာပုံနှိပ်တိုက်၊ |
| Date of publication, distribution, etc. |
၁၉၆၉။ |
| 300 ## - PHYSICAL DESCRIPTION |
| Extent |
ဇ၊ ၁၂၁ စာမျက်နှာ ၊ |
| Other physical details |
မြေပုံ၊ |
| Dimensions |
၁၈ စင်တီ။ |
| 500 ## - GENERAL NOTE |
| General note |
S-KZN: Prof. Kyaw Zaw Naing |
|
| General note |
S-SAT: Dr. Prof Sai Aung Tun |
| 650 ## - SUBJECT ADDED ENTRY--TOPICAL TERM |
| Topical term or geographic name entry element |
ဘုရားသမိုင်း |
| Geographic subdivision |
ပုဂံ |
| 9 (RLIN) |
52773 |
|
| Topical term or geographic name entry element |
စေတီပုထိုး |
| Geographic subdivision |
ပုဂံမြို့ |
| 9 (RLIN) |
52774 |
| 700 ## - ADDED ENTRY--PERSONAL NAME |
| Personal name |
ချစ်သိန်း၊ ဦး၊ မွန်ပဏ္ဍိတ် |
| Relator term |
တည်းဖြတ်သူ |
| 9 (RLIN) |
52775 |
| 942 ## - ADDED ENTRY ELEMENTS (KOHA) |
| Source of classification or shelving scheme |
|
| Koha item type |
Book (Short term) |